00901nam a2200205Ia 4500952018400000952018400184999001700368003000400385005001700389008004100406020001800447040000900465082001900474100002200493245007000515260004300585300000900628650001400637942004400651 00102ddc40708SOCIAL PROBLEMS AND SERVICESaMESbMEScSOCIAL PROBLEMS AND SERVICESd2019-02-20g1180.00l0o368.954 SHA/Gp39021r2019-02-20 00:00:00t2w2019-02-20yBKzGL40R4 00102ddc40708SOCIAL PROBLEMS AND SERVICESaMESbMEScSOCIAL PROBLEMS AND SERVICESd2019-02-20g1180.00l0o368.954 SHA/Gp38903r2019-02-20 00:00:00t1w2019-02-20yBKzGL40R4 c11422d11422OSt20200129123838.0190216s9999||||xx |||||||||||||| ||und|| a9788184842241 coclc a368.954bSHA/G aSharma, K C91557 0aGeneral Insurance In India Principles And Practices /cK C Sharma bRegal Publications,c2013.aNew Delhi: a328p xInsurance cBK2ddch368.954iSHA/Gk368.954mSHA/G